000 00471nam a2200169Ia 4500
003 GCL
008 140319s9999 xx 000 0 ara d
040 _aGCL /
_cGCL
082 0 4 _a813.01
_bم ن
100 1 _aمى التلمسانى
245 1 0 _aنحت متكرر /
_cمى التلمسانى
300 _a102 ص
490 _aشرقيات
_v0
650 0 4 _aالقصص القصيرة
650 0 4 _aالادب العربى - العصر الحديث
942 _2ddc
_cBK
999 _c39715
_d39715